Logistické nehnuteľnosti – vývoj a zmeny

Východisko z chápania logistiky, ako interdisciplinárnej vedy, ktorá sa zaoberá koordináciou, zosúladením, prepojením a optimalizáciou toku surovín, materiálu, polovýrobkov, výrobkov a služieb, ale tiež tokov informácií a financií z hľadiska uspokojenia zákazníka pri čo najnižšom vynaložení zdrojov....

Ausführliche Beschreibung

Gespeichert in:
Bibliographische Detailangaben
1. Verfasser: Gajdoš, Jozef, 1962-2025
Weitere Verfasser: Andrejovský, Pavol, 1975-
Format: Buchkapitel
Sprache:Slowakisch
Schlagworte:
Tags: Tag hinzufügen
Keine Tags, Fügen Sie das erste Tag hinzu!

MARC

LEADER 00000naa$a2200000$$$4500
001 0298601
005 20240502074528.3
041 0 |a slo 
044 |a SK 
245 1 0 |a Logistické nehnuteľnosti – vývoj a zmeny  |c Jozef Gajdoš, Pavol Andrejovský 
520 |a Východisko z chápania logistiky, ako interdisciplinárnej vedy, ktorá sa zaoberá koordináciou, zosúladením, prepojením a optimalizáciou toku surovín, materiálu, polovýrobkov, výrobkov a služieb, ale tiež tokov informácií a financií z hľadiska uspokojenia zákazníka pri čo najnižšom vynaložení zdrojov. Logistika je citlivá na zmeny v rôznych vedných disciplínach a odboroch a zmeny v logistike sa prejavujú vo všetkých jej aspektoch, ktoré sú vzájomne prepojené. 
610 2 0 |a logistika 
610 2 0 |a nehnuteľnosti 
610 2 0 |a zmennosť 
610 2 0 |a vývoj 
610 2 0 |a vývoj systémov 
610 2 0 |a trh realitný 
610 2 0 |a globalizácia 
610 2 0 |a vývoj spoločenský 
610 2 0 |a vývoj sociálny 
610 2 0 |a vývoj štruktúry hospodárskej 
610 2 0 |a vývoj vedeckotechnický 
100 1 |a Gajdoš, Jozef, 1962-2025 
700 1 |a Andrejovský, Pavol, 1975-